Sports Quiz

Random Sports or NFL Quiz

NFL Starting QBs (Buffalo Bills) Quiz Stats

 Plays Quiz Updated Jan 4, 2021

Support Sporcle.
Go Orange.
Score 0/19 Timer 04:00
0 Plays Today
Starts Player % Correct
43Josh Allen
92.6%
43Tyrod Taylor
89.9%
53Ryan Fitzpatrick
84.2%
17EJ Manuel
80%
48Drew Bledsoe
65.6%
33JP Losman
64.8%
20Doug Flutie
60.8%
4Nathan Peterman
60.5%
20Rob Johnson
56.4%
32Trent Edwards
53.9%
Starts Player % Correct
12Kyle Orton
49.5%
1Matt Barkley
41.7%
5Thaddeus Lewis
39.1%
1Jeff Tuel
35.3%
2Derek Anderson
35.1%
1Matt Cassel
30.3%
8Kelly Holcomb
27.3%
8Alex Van Pelt
23.1%
2Brian Brohm
19.4%

From the Vault

Don't Panic... Just Alphabetize!

by skuban

Okay, maybe you can panic a little.
Remove Ads.
Support Sporcle.
Get the best of Sporcle when you Go Orange. This ad-free experience offers more features, more stats, and more fun while also helping to support Sporcle. Thank you for becoming a member.

Show Comments

Extras

Top Quizzes Today


Score Distribution

Your Account Isn't Verified!

In order to create a playlist on Sporcle, you need to verify the email address you used during registration. Go to your Sporcle Settings to finish the process.

Report this User

Report this user for behavior that violates our Community Guidelines.

Details: